|
|
|
|
| LEADER |
00000nab a2200000 a 4500 |
| 001 |
vtls000682522 |
| 003 |
SK-MaSNL |
| 005 |
20260302180945.0 |
| 008 |
180205c1999 xo 0 slo |
| 015 |
|
|
|a SNBRB1999/02-03961
|
| 035 |
|
|
|a CLN000034689
|
| 040 |
|
|
|a SNKBUCL
|b slo
|c SNKBUCL
|e AACR2
|
| 041 |
0 |
|
|a slo
|
| 044 |
|
|
|a xo
|c SK
|
| 080 |
|
|
|a 341.176(4):342.53
|2 UDC-MRF-SK2
|
| 100 |
1 |
|
|a Moravčík, Leopold,
|d 1944-
|4 ain
|9 209614
|
| 245 |
1 |
0 |
|a Čas nám odpovie
|b predseda Parlamentného zhomaždenia Rady Európy lord Russell-Johnston pre Pravdu:
|c [zhováral sa] Leopold Moravčík
|
| 300 |
|
|
|b Fotogr.
|
| 610 |
|
7 |
|a Rada Európy
|b Parlamentné zhromaždenie
|2 snkbucl
|9 15365
|
| 655 |
|
7 |
|a články z novín a časopisov
|2 snkbucl
|9 267496
|
| 700 |
1 |
|
|a Russell-Johnston
|4 aut
|4 uin
|9 890830
|
| 773 |
0 |
|
|x 1335-4051
|t Pravda
|g Roč. 9, č. 32 (9.2.1999), s. 1 a 4
|
| 850 |
|
|
|a Slovenská národná knižnica v Martine
|
| 852 |
|
|
|a SNK
|b KIS3GCP
|
| 958 |
|
|
|a RBX
|
| 999 |
|
|
|c 1412413
|d 1414343
|